Tous les G/A du PSG en 2024/2025 - Statistiques

Statistiques générales
  • Ce quiz a été pris 111 fois
  • Le résultat moyen est 17 sur 20
Statistiques - réponses
Matchs Buts Passes dé G/A Poste Joueurs % Correct
55 11 16 27 Latéral Achraf Hakimi
100%
53 35 16 51 Attaquant Ousmane Dembélé
100%
64 21 21 42 Attaquant Bradley Barcola
98%
59 8 5 13 Milieu Vitinha
98%
61 16 16 32 Attaquant Désiré Doué
97%
53 6 6 12 Latéral Nuno Mendes
96%
46 19 6 25 Attaquant Gonçalo Ramos
95%
61 8 11 19 Milieu Fabian Ruiz
94%
59 7 10 17 Milieu João Neves
94%
48 3 0 3 Défenseur Marquinhos
93%
57 0 2 2 Défenseur Willian Pacho
92%
34 6 3 9 Milieu Senny Mayulu
85%
55 3 2 5 Milieu Warren Zaïre-Emery
82%
49 7 6 13 Milieu Kang In Lee
80%
12 1 2 3 Attaquant Ibrahim Mbaye
78%
32 8 8 16 Attaquant Khvicha Kvaratskhelia
76%
38 1 0 1 Défenseur Lucas Beraldo
67%
2 0 1 1 Gardien Arnau Tenas
61%
14 2 1 3 Attaquant Randal Kolo Muani
57%
16 2 4 6 Attaquant Marco Asensio
49%
Aucun quiz correspondant
Distribution des résultats
% des personnes avec chaque résultat
Percentile par nombre de réponses
Votre historique - résultats
Vous n’avez pas pris ce quiz